Análisis y diseño de la intersección Hatillo-Circunvalación.

Salvato in:
Dettagli Bibliografici
Autore principale: Molina Rivera, Carlo
Natura: Libro
Pubblicazione: San José, Costa Rica 1994
Soggetti:
Tags: Aggiungi Tag
Nessun Tag, puoi essere il primo ad aggiungerne!!

MARC

LEADER 00000nam a2200000Ia 4500
003 007013
005 20221231144316.0
008 140114s1994 cr a m 000 ||s d
040 |c cru CEDI 
090 |a TFG 2783 
100 |a Molina Rivera, Carlo  |9 12057 
245 |a Análisis y diseño de la intersección Hatillo-Circunvalación. 
260 |c 1994  |a San José, Costa Rica 
300 |a  [167] hojas : ilustraciones.  
500 |a Tesis Proyecto de graduacion (licenciatura en ingenieria civil)--Universidad de Costa Rica. Facultad de Ingeniería. Escuela de Ingenieria Civil, 
650 |x CAMINOS -- INTERCAMBIOS E INTERSECCIONES  |z CARRETERAS  |9 12058 
942 |c TFG 
999 |c 19922  |d 19922